Представление документа в формате RUSMARC

ПолеНазваниеЗначение
  Тип записи c
  Библиографический уровень m
001 Контрольный номер UONB/MAIN/37f6430ddbf040daaec7c146bb0b8c0c
005 Дата корректировки 20241211123540.1
010 Индекс ISBN __
9 Тираж 13530 экз.
013 Номер (ISMN) __
d Цена 80 к.
071 Издательские номер (звукозапись и ноты) 21
a Номер, присвоенный агентством 7839
100 Данные общей обработки __
a Данные общей обработки 20241211d1987 u y0rusy0189 ca
101 Язык документа 0_
a Язык текста rus
f Язык титульного листа rus
102 Страна публикации __
a Страна публикации RU
125 Кодированные данные звукозаписи и нотных изданий __
a Форма изложения нотного текста с
128 Кодированные данные (звукозаписи-физические характеристики) __
a Кодированные данные: Музыкальная форма и тональность или лад sg
c Инструменты или голоса, рекомендуемые для солистов (устаревшее) kt
200 Заглавие и сведения об ответственности 1_
a Заглавие Славим путь Октября!
e Сведения, относящиеся к заглавию песни в сопровождении баяна или аккордеона [с надписанным текстом]
f Первые сведения об ответственности составитель и автор переложений И. Бабичев
203 Вид содержания и тип средства __
a Вид содержания Музыка
b Характеристика содержания знаковая
c Тип средства непосредственная
210 Выходные данные 1_
a Место издания Москва
c Издательство Советский композитор
d Дата издания 1987
215 Физическое описание __
a Объем 58 с. включ. обл.
d Формат 29 см
327 Примечание о содержании 11
a Примечание о содержании Содерж.: Дегейтер П. Интернационал / сл. Э. Потье ; рус. текст А. Коца. - Варшавянка / обраб. В. Белого ; рус. текст Г. Кржижановского. - Красное знамя / рус. текст Г. Кржижановского. - На баррикады! - Смело, товарищи, в ногу! / обраб. В. Белого ; сл. Л. Радина. - Мы - кузнецы / обраб. Б. Шехтера ; сл. Ф. Шкулева. - Покрасс С. Красная Армия всех сильней / сл. П. Григорьева. - Покрасс Дм. Марш Буденного / сл. А. д'Актиля. - Молодая гвардия / обраб. Л. Шульгина ; сл. А. Безыменского. - Шостакович Д. Песня о встречном : из кф. "Встречный" / сл. Б. Корнилова. - Александров А. Священная война / сл. В. Лебедева-Кумача. - Дунаевский И. Песня о Родине : из кф. "Цирк" / сл. В. Лебедева-Кумача ; Марш энтузиастов : из кф. "Светлый путь" / сл. А. д'Актиля. - Новиков А. Марш коммунистических бригад / сл. В. Харитонова. - Баснер В. С чего начинается Родина? : из кф. "Щит и меч" / сл. М. Матусовского. - Островский А. Красная гвоздика / сл. Л. Ошанина. - Шостакович Д. Наша песня / сл. К. Симонова. - Флярковский А. Необъятный край - земля моя / сл. Л. Дербенева. - Пахмутова А. Прекрасная, как молодость, страна ; Пока не поздно / сл. Н. Добронравова. - Туликов С. Ленин всегда с тобой / сл. Л. Ошанина ; Мы за мир / сл. А. Жарова. - Мурадели В. Партия - наш рулевой / сл. С. Михалкова.
464 Аналитический уровень _0
1 036
t Вставай, проклятьем заклейменный...
1 700 1
a Дегейтер
b П.
1 702 1
a Потье
b Э.
4 520
1 702 1
a Коц
b А.
4 730
1 2001
a Интернационал
464 Аналитический уровень _0
1 036
t Вихри враждебные веют над нами...
1 702 1
a Белый
b В.
4 030
1 702 1
a Кржижановский
b Г.
4 730
1 2001
a Варшавянка
464 Аналитический уровень _0
1 036
t Слезами залит мир безбрежный...
1 702 1
a Кржижановский
b Г.
4 730
1 2001
a Красное знамя
464 Аналитический уровень _0
1 036
t На баррикады! На баррикады!..
1 2001
a На баррикады!
464 Аналитический уровень _0
1 702 1
a Белый
b В.
4 030
1 702 1
a Радин
b Л.
4 520
1 2001
a Смело, товарищи, в ногу!
464 Аналитический уровень _0
1 036
t Мы - кузнецы, и дух наш молод...
1 702 1
a Шехтер
b Б.
4 030
1 702 1
a Шкулев
b Ф.
4 520
1 2001
a Мы - кузнецы
464 Аналитический уровень _0
1 036
t Белая армия, черный барон...
1 700 1
a Покрасс
b С.
1 702 1
a Григорьев
b П.
4 520
1 2001
a Красная Армия всех сильней
464 Аналитический уровень _0
1 036
t Мы - красные кавалеристы!..
1 700 1
a Покрасс
b Дм.
1 702 1
a Д'Актиль
b А.
4 520
1 2001
a Марш Буденного
464 Аналитический уровень _0
1 036
t Вперед заре навстречу...
1 702 1
a Шульгин
b Л.
4 030
1 702 1
a Безыменский
b А.
4 520
1 2001
a Молодая гвардия
464 Аналитический уровень _0
1 036
t Нас утро встречает прохладой...
1 700 1
a Шостакович
b Д.
1 702 1
a Корнилов
b Б.
4 520
1 2001
a Песня о встречном
e из кинофильма "Встречный"
1 50010
a Встречный
464 Аналитический уровень _0
1 036
t Вставай, страна огромная...
1 700 1
a Александров
b А.
1 702 1
a Лебедев-Кумач
b В.
4 520
1 2001
a Священная война
464 Аналитический уровень _0
1 036
t Широка страна моя родная...
1 700 1
a Дунаевский
b И.
1 702 1
a Лебедев-Кумач
b В.
4 520
1 2001
a Песня о Родине
e из кинофильма "Цирк"
1 50010
a Цирк
464 Аналитический уровень _0
1 036
t В буднях великих строек...
1 700 1
a Дунаевский
b И.
1 702 1
a Д'Актиль
b А.
4 520
1 2001
a Марш энтузиастов
e из кинофильма "Светлый путь"
1 50010
a Светлый путь
464 Аналитический уровень _0
1 036
t Будет людям счастье...
1 700 1
a Новиков
b А.
1 702 1
a Харитонов
b В.
4 520
1 2001
a Марш коммунистических бригад
464 Аналитический уровень _0
1 700 1
a Баснер
b В.
1 702 1
a Матусовский
b М.
4 520
1 2001
a С чего начинается Родина?
e из кинофильма "Щит и меч"
1 50010
a Щит и меч
464 Аналитический уровень _0
1 036
t Ты видишь, друг...
1 700 1
a Островский
b А.
1 702 1
a Ошанин
b Л.
4 520
1 2001
a Красная гвоздика
464 Аналитический уровень _0
1 036
t От жарких степей Приазовья до моря, где вечные льды...
1 700 1
a Шостакович
b Д.
1 702 1
a Симонов
b К.
4 520
1 2001
a Наша песня
464 Аналитический уровень _0
1 036
t Край густых лесов...
1 700 1
a Флярковский
b А.
1 702 1
a Дербенев
b Л.
4 520
1 2001
a Необъятный край - земля моя
464 Аналитический уровень _0
1 036
t Мы стали сильнее, чем были вчера...
1 700 1
a Пахмутова
b А.
1 702 1
a Добронравов
b Н.
4 520
1 2001
a Прекрасная, как молодость, страна
464 Аналитический уровень _0
1 036
t Пока планета еще жива...
1 700 1
a Пахмутова
b А.
1 702 1
a Добронравов
b Н.
4 520
1 2001
a Пока не поздно
464 Аналитический уровень _0
1 036
t День за днем идут года...
1 700 1
a Туликов
b С.
1 702 1
a Ошанин
b Л.
4 520
1 2001
a Ленин всегда с тобой
464 Аналитический уровень _0
1 036
t Всей земли народ...
1 700 1
a Туликов
b С.
1 702 1
a Жаров
b А.
4 520
1 2001
a Мы за мир
464 Аналитический уровень _0
1 036
t Слава борцам, что за правду вставали...
1 700 1
a Мурадели
b В.
1 702 1
a Михалков
b С.
4 520
1 2001
a Партия - наш рулевой
606 Тематические рубрики 0_
a Основная рубрика Баян
x Основная подрубрика Переложения
606 Тематические рубрики 0_
a Основная рубрика Аккордеон
x Основная подрубрика Переложения
610 Ключевые слова 0_
a Ключевые слова баян; аккордеон; переложения; песни
686 Индексы других классификаций __
a Классификационный индекс 85.954.6-094я43
a Классификационный индекс 85.954.7-094я43
2 Код системы rubbk
702 Вторичная интеллектуальная ответственность _1
a Фамилия Бабичев
b Имя (инициалы) И.
4 Код отношения 220
4 Код отношения 030
801 Источник записи _0
a Страна RU
b Организация Ульяновская ОНБ
c Дата составления 20241211
g Правила каталогизации RCR
801 Источник записи _1
a Страна RU
b Организация Ульяновская ОНБ
c Дата составления 20241211
g Правила каталогизации RCR
901 Тип документа __
t Тип документа m
909 Создатель записи __
a Создатель записи Грязнова И. Е.
b Дата создания записи 20241211